000 00686nam a2200193 i 4500
001 39831
003 ES-MaACL
005 20230906160105.0
007 t|
008 030304s1971 sp ||||1| spa d
110 2 _aEspaña.
_bDirección General de Capacitación Agraria.
_93712
245 1 0 _aCapacitación agraria
_b: resumen de actividades 1970 /
_cDirección General de Capacitación Agraria.
260 _a[Madrid :
_bs.n.,
_c1971]
300 _a157 p., 4 lám. :
_bil. ;
_c27 cm.
490 1 _aPublicaciones de capacitación agraria. 1967
830 0 _aPublicaciones de capacitación agraria. 1967
_9181816
852 _aES-MaACL
_jC-41846
_bR.77819
999 _c39831
_d39831